书目信息 |
| 题名: |
化工节能技术问答
|
|
| 作者: | 李贵贤 , 范宗良 , 毛丽萍 编著 | |
| 分册: | ||
| 出版信息: | 北京 化学工业出版社 2009.04 |
|
| 页数: | 323页 | |
| 开本: | 21cm | |
| 丛书名: | ||
| 单 册: | ||
| 中图分类: | TQ062 | |
| 科图分类: | ||
| 主题词: | 化工过程--hua gong guo cheng--节能--基本知识 , 节能--jie neng | |
| 电子资源: | ||
| ISBN: | 978-7-122-04654-3 | |
| 000 | 01009nam0 2200289 450 | |
| 001 | h96000001908 | |
| 005 | 20110715142429.53 | |
| 010 | @a978-7-122-04654-3@dCNY35.00 | |
| 100 | @a20090526d2009 em y0chiy0110 ea | |
| 101 | 0 | @achi |
| 102 | @aCN@b110000 | |
| 105 | @ak a 000yy | |
| 106 | @ar | |
| 200 | 1 | @a化工节能技术问答@Ahua gong jie neng ji shu wen da@f李贵贤, 范宗良, 毛丽萍编著 |
| 210 | @a北京@c化学工业出版社@d2009.04 | |
| 215 | @a323页@d21cm | |
| 320 | @a有书目 (第320-323页) | |
| 330 | @a本书以问答的形式深入浅出地介绍了化工节能的基本技术问题。主要内容包括化工节能基础知识、化工节能基本原理、化工单元过程与设备节能技术、化工节能新技术、化工新能源和可再生能源、化工节能法规知识。 | |
| 586 | @a | |
| 606 | 0 | @a化工过程@Ahua gong guo cheng@x节能@x基本知识 |
| 606 | 0 | @a节能@Ajie neng |
| 690 | @aTQ062@v5 | |
| 701 | 0 | @a李贵贤@Ali gui xian@4编著 |
| 701 | 0 | @a范宗良@Afan zong liang@4编著 |
| 701 | 0 | @a毛丽萍@Amao li ping@4编著 |
| 801 | 0 | @aCN@c20110610 |
| 905 | @dTQ062@eL160@f3 | |
| 化工节能技术问答/李贵贤, 范宗良, 毛丽萍编著.-北京:化学工业出版社,2009.04 |
| 323页;21cm |
| ISBN 978-7-122-04654-3:CNY35.00 |
| 本书以问答的形式深入浅出地介绍了化工节能的基本技术问题。主要内容包括化工节能基础知识、化工节能基本原理、化工单元过程与设备节能技术、化工节能新技术、化工新能源和可再生能源、化工节能法规知识。 |
| ● |
| 相关链接 |
|
|
|
正题名:化工节能技术问答
索取号:TQ062/L160
 
预约/预借
| 序号 | 登录号 | 条形码 | 馆藏地/架位号 | 状态 | 备注 |
| 1 | 884345 | 208843457 | 期刊室512/501自科库 138排7列1层/ [索取号:TQ062/L160] | 在馆 | |
| 2 | 884346 | 208843466 | 期刊室512/501自科库 138排7列1层/ [索取号:TQ062/L160] | 在馆 | |
| 3 | 884347 | 208843475 | 期刊室512/501自科库 138排7列1层/ [索取号:TQ062/L160] | 在馆 |